[Event "DLM 2011"]
[Site "Xanten GER"]
[Date "2011.11.02"]
[Round "5"]
[White "Kramer, Julian"]
[Black "Siegert, Gregor"]
[Result "1-0"]
[Termination "normal"]
[Board "4.4"]
[WhiteElo "2047"]
[BlackElo "1761"]
[WhiteTeam "Hamburg"]
[BlackTeam "Mecklenburg-Vorpommern"]
[PlyCount "59"]
[WhiteFideId "12921742"]
[BlackFideId "1271250"]
[EventCountry "GER"]
[EventRounds "7"]
[EventType "team-swiss"]
[EventDate "2011.10.30"]

1. e4 c5 2. Nf3 e6 3. d4 cxd4 4. Nxd4 a6 5. Bd3 Qc7 6. Nc3 Nf6 7. O-O d6 8. Qe2
Nbd7 9. Kh1 b5 10. a3 Bb7 11. f4 Be7 12. Bd2 h5 13. b4 h4 14. a4 bxa4 15. Rxa4
d5 16. e5 Nh5 17. Qg4 Nb6 18. f5 Nxa4 19. fxe6 O-O-O 20. Nxa4 f6 21. b5 axb5
22. Nxb5 Ng3+ 23. hxg3 hxg3+ 24. Kg1 Bc5+ 25. Nxc5 Qxc5+ 26. Nd4 fxe5 27. e7+
Rd7 28. Bb5 Kb8 29. Bxd7 Qxe7 30. Qxg3 1-0

[Event "DLM 2011"]
[Site "Xanten GER"]
[Date "2011.11.02"]
[Round "5"]
[White "Hingst, Silke"]
[Black "Krüger, David"]
[Result "1/2-1/2"]
[Termination "normal"]
[Board "4.5"]
[WhiteElo "1849"]
[BlackElo "1750"]
[WhiteTeam "Mecklenburg-Vorpommern"]
[BlackTeam "Hamburg"]
[PlyCount "75"]
[WhiteFideId "4624564"]
[BlackFideId "12921858"]
[EventCountry "GER"]
[EventRounds "7"]
[EventType "team-swiss"]
[EventDate "2011.10.30"]

1. f4 f5 2. b3 Nf6 3. Bb2 g6 4. Nf3 Bg7 5. Nc3 O-O 6. g3 b6 7. Bg2 Bb7 8. O-O
d6 9. d3 Nbd7 10. e4 fxe4 11. Ng5 Nc5 12. b4 h6 13. bxc5 hxg5 14. fxg5 Nd5 15.
Bxe4 Nxc3 16. Bxc3 Bxc3 17. Bxb7 Bxa1 18. Bd5+ Kh7 19. Qg4 Rxf1+ 20. Kxf1 Qf8+
21. Kg2 Kg7 22. Qh4 Qh8 23. Qh6+ Qxh6 24. gxh6+ Kxh6 25. Bxa8 bxc5 26. Bd5 Kg5
27. Kf3 Kf6 28. h4 e6 29. Bc6 Kf7 30. g4 Bg7 31. h5 g5 32. Ke4 Ke7 33. c4 Kf6
34. Bb7 Ke7 35. Bc6 Kd8 36. Kf3 Kc8 37. Ke4 a6 38. Kf3 1/2-1/2

[Event "DLM 2011"]
[Site "Xanten GER"]
[Date "2011.11.02"]
[Round "5"]
[White "Lemke, Berfin"]
[Black "Schmekel, Florian"]
[Result "1/2-1/2"]
[Termination "normal"]
[Board "4.6"]
[WhiteElo "1549"]
[BlackElo "1551"]
[WhiteTeam "Hamburg"]
[BlackTeam "Mecklenburg-Vorpommern"]
[PlyCount "83"]
[WhiteFideId "1270578"]
[BlackFideId "12913456"]
[EventCountry "GER"]
[EventRounds "7"]
[EventType "team-swiss"]
[EventDate "2011.10.30"]

1. e4 c5 2. Nf3 Nc6 3. d4 cxd4 4. Nxd4 g6 5. c4 Bg7 6. Be3 Nf6 7. Nc3 O-O 8.
Be2 d6 9. O-O a5 10. Rc1 Nd7 11. Qd2 Nxd4 12. Bxd4 Nc5 13. Bxg7 Kxg7 14. Qd4+
Kg8 15. Rfd1 Qc7 16. Nd5 Qd8 17. e5 Ne6 18. Qh4 f6 19. f4 Ng7 20. c5 Nf5 21.
Qf2 fxe5 22. fxe5 Be6 23. Bc4 Ng7 24. Qh4 Bxd5 25. Bxd5+ e6 26. Qxd8 Raxd8 27.
Bxb7 dxc5 28. b3 Rb8 29. Ba6 Rb6 30. Bc4 Rc6 31. Rd6 Rxd6 32. exd6 Rd8 33. Rd1
Kf8 34. d7 Ke7 35. Bb5 Nh5 36. Re1 Ng7 37. g4 h5 38. h3 Kd6 39. Rf1 Ke7 40. a3
hxg4 41. hxg4 e5 42. Re1 1/2-1/2

[Event "DLM 2011"]
[Site "Xanten GER"]
[Date "2011.11.02"]
[Round "5"]
[White "Klinge, Alexandra"]
[Black "Rogozenco, Teodora"]
[Result "0-1"]
[Termination "normal"]
[Board "4.7"]
[WhiteElo "1337"]
[BlackElo "1527"]
[WhiteTeam "Mecklenburg-Vorpommern"]
[BlackTeam "Hamburg"]
[PlyCount "98"]
[BlackFideId "12938084"]
[EventCountry "GER"]
[EventRounds "7"]
[EventType "team-swiss"]
[EventDate "2011.10.30"]

1. e4 c5 2. Nf3 d6 3. d4 cxd4 4. Nxd4 Nf6 5. Nc3 g6 6. Be3 Bg7 7. f3 Nc6 8. Qd2
O-O 9. Bc4 Bd7 10. O-O-O Ne5 11. Bb3 Rc8 12. Bh6 Nc4 13. Bxc4 Rxc4 14. Bxg7
Kxg7 15. h4 h5 16. g4 hxg4 17. h5 Rh8 18. hxg6 fxg6 19. e5 dxe5 20. Ne6+ Bxe6
21. Qxd8 Rxd8 22. Rxd8 gxf3 23. Rf1 e4 24. Kd2 Bh3 25. Rh1 Bg2 26. Rd1 f2 27.
Ke2 f1=Q+ 28. Rxf1 Bxf1+ 29. Kxf1 Kf7 30. Kf2 Ke6 31. Ke3 Ke5 32. Rb8 Rc7 33.
Rd8 e6 34. Rd1 g5 35. Rg1 g4 36. Rg3 a6 37. Rg2 b5 38. a3 Rg7 39. Ne2 Nd5+ 40.
Kd2 e3+ 41. Kd1 Nf4 42. Rg3 Nd5 43. c3 Ke4 44. Kc2 e5 45. b3 Nf4 46. Kd1 Nh5
47. Rg1 Rg5 48. Kc2 Nf4 49. Kd1 Kd3 0-1

[Event "DLM 2011"]
[Site "Xanten GER"]
[Date "2011.11.02"]
[Round "5"]
[White "Powierski, Emil"]
[Black "Mazarov, Jürgen"]
[Result "0-1"]
[Termination "normal"]
[Board "5.1"]
[WhiteElo "2022"]
[BlackElo "2129"]
[WhiteTeam "Schleswig-Holstein/NDS"]
[BlackTeam "Nordrhein-Westfalen 2"]
[PlyCount "102"]
[WhiteFideId "4656199"]
[BlackFideId "24617768"]
[EventCountry "GER"]
[EventRounds "7"]
[EventType "team-swiss"]
[EventDate "2011.10.30"]

1. e4 c5 2. Nf3 d6 3. d4 cxd4 4. Nxd4 Nf6 5. Nc3 a6 6. Be2 e6 7. O-O Be7 8. Be3
Qc7 9. f4 O-O 10. Bf3 Nbd7 11. Qe1 Rb8 12. Kh1 Nb6 13. Rd1 Bd7 14. Qg3 Nc4 15.
Bc1 b5 16. e5 Ne8 17. Ne4 Rc8 18. b3 Nb6 19. Ng5 Bxg5 20. Qxg5 f6 21. exf6 Nxf6
22. Bb2 Rce8 23. Ne2 Bc6 24. Bxc6 Qxc6 25. Nd4 Qd7 26. f5 e5 27. Ne6 Rxe6 28.
fxe6 Qxe6 29. Rd3 Nbd5 30. Rg3 Rf7 31. Bc1 Qc8 32. Qf5 Qxf5 33. Rxf5 Rc7 34. h4
Rxc2 35. Bh6 g6 36. a4 bxa4 37. bxa4 Rc4 38. h5 Kf7 39. Rf1 Rxa4 40. Bg5 e4 41.
hxg6+ hxg6 42. Rg4 Kg7 43. Bxf6+ Nxf6 44. Rgf4 Nh5 45. Rf7+ Kh6 46. Rd1 e3 47.
Rxd6 e2 48. Re6 Ra1+ 49. Kh2 e1=Q 50. Rxe1 Rxe1 51. Ra7 Re6 0-1

[Event "DLM 2011"]
[Site "Xanten GER"]
[Date "2011.11.02"]
[Round "5"]
[White "Kremser, Michael"]
[Black "Jacobsen, Henrik"]
[Result "1/2-1/2"]
[Termination "normal"]
[Board "5.2"]
[WhiteElo "2048"]
[BlackElo "1983"]
[WhiteTeam "Nordrhein-Westfalen 2"]
[BlackTeam "Schleswig-Holstein/NDS"]
[PlyCount "96"]
[WhiteFideId "1270131"]
[BlackFideId "24611123"]
[EventCountry "GER"]
[EventRounds "7"]
[EventType "team-swiss"]
[EventDate "2011.10.30"]

1. d4 Nf6 2. c4 g6 3. Nc3 Bg7 4. e4 d6 5. f3 O-O 6. Be3 a6 7. Bd3 Nbd7 8. Qd2
c5 9. Nge2 e6 10. O-O b6 11. Rfd1 cxd4 12. Nxd4 Qc7 13. Rac1 Bb7 14. Bf1 Ne5
15. Na4 Nfd7 16. Nb3 Qc6 17. Nc3 Nxc4 18. Bxc4 Qxc4 19. Qxd6 Rfd8 20. Nd5 exd5
21. Rxc4 dxc4 22. Nd4 Be5 23. Qb4 Rac8 24. f4 Bg7 25. e5 Bf8 26. Qe1 Nc5 27. f5
Nd3 28. Qh4 Nxe5 29. Rf1 Bc5 30. fxg6 hxg6 31. Qf4 Rd5 32. Nf3 Nxf3+ 33. Qxf3
Rf5 34. Qh3 Rxf1+ 35. Kxf1 Bxe3 36. Qxe3 Rc5 37. g4 Bc8 38. Qd4 Kh7 39. h3 Be6
40. Kf2 c3 41. bxc3 Bxa2 42. Ke3 Be6 43. Qb4 a5 44. Qa3 a4 45. Kd2 Bb3 46. Qb4
Rd5+ 47. Ke3 Re5+ 48. Kd2 Rd5+ 1/2-1/2

[Event "DLM 2011"]
[Site "Xanten GER"]
[Date "2011.11.02"]
[Round "5"]
[White "Polert, Annika"]
[Black "Glatzel, Jonas"]
[Result "0-1"]
[Termination "normal"]
[Board "5.3"]
[WhiteElo "1792"]
[BlackElo "1906"]
[WhiteTeam "Schleswig-Holstein/NDS"]
[BlackTeam "Nordrhein-Westfalen 2"]
[PlyCount "82"]
[WhiteFideId "24692328"]
[BlackFideId "12937800"]
[EventCountry "GER"]
[EventRounds "7"]
[EventType "team-swiss"]
[EventDate "2011.10.30"]

1. e4 c5 2. Nf3 Nc6 3. d4 cxd4 4. Nxd4 Nf6 5. Nc3 e5 6. Ndb5 d6 7. Nd5 Nxd5 8.
exd5 Nb8 9. c4 Nd7 10. Bd3 Be7 11. O-O O-O 12. Qh5 g6 13. Qe2 f5 14. Bh6 Re8
15. Bd2 a6 16. Nc3 Bf6 17. Rac1 e4 18. Bc2 Ne5 19. Bf4 Bd7 20. b4 Nxc4 21. Bb3
Ne5 22. Bxe5 Bxe5 23. Rfd1 Rc8 24. Na4 Bxa4 25. Bxa4 b5 26. Bb3 Bc3 27. a3 Kg7
28. Rc2 Be5 29. Rdc1 $11 Rxc2 30. Rxc2 e3 31. f3 Qb6 32. g3 Qd4 33. Kg2 g5 34.
a4 g4 35. fxg4 fxg4 36. axb5 Qe4+ 37. Kg1 axb5 38. Qxb5 e2 39. Rxe2 Bd4+ 40.
Rf2 Bxf2+ 41. Kxf2 Qe1+ 0-1

[Event "DLM 2011"]
[Site "Xanten GER"]
[Date "2011.11.02"]
[Round "5"]
[White "Flüchter, Gregor"]
[Black "Diederichs, Luise"]
[Result "1-0"]
[Termination "normal"]
[Board "5.4"]
[BlackTitle "NDS"]
[WhiteElo "1895"]
[BlackElo "1748"]
[WhiteTeam "Nordrhein-Westfalen 2"]
[BlackTeam "Schleswig-Holstein/NDS"]
[PlyCount "53"]
[WhiteFideId "12903396"]
[BlackFideId "24661597"]
[EventCountry "GER"]
[EventRounds "7"]
[EventType "team-swiss"]
[EventDate "2011.10.30"]

1. e4 g6 2. d4 d6 3. f4 Bg7 4. Nc3 Nd7 5. Nf3 a6 6. Be3 b5 7. a4 b4 8. Na2 a5
9. c3 c5 10. dxc5 dxc5 11. Bb5 Qc7 12. Rc1 Qb7 13. O-O Ngf6 14. e5 Nd5 15. Bxc5
O-O 16. Bd4 bxc3 17. Nxc3 Nxf4 18. Ne2 Nxe2+ 19. Qxe2 Nb8 20. Bc4 e6 21. Bc5
Rd8 22. Ng5 Qc7 23. Bb5 Na6 24. Nxf7 Rd5 25. Be3 Nc5 26. Qf2 Ra7 27. Bxc5 1-0

[Event "DLM 2011"]
[Site "Xanten GER"]
[Date "2011.11.02"]
[Round "5"]
[White "Wegner, Florian"]
[Black "Rosenfeld, Elisabeth"]
[Result "0-1"]
[Termination "normal"]
[Board "5.5"]
[WhiteElo "1747"]
[BlackElo "1745"]
[WhiteTeam "Schleswig-Holstein/NDS"]
[BlackTeam "Nordrhein-Westfalen 2"]
[PlyCount "100"]
[WhiteFideId "12909416"]
[BlackFideId "4624742"]
[EventCountry "GER"]
[EventRounds "7"]
[EventType "team-swiss"]
[EventDate "2011.10.30"]

1. e4 c5 2. Nf3 Nc6 3. d3 g6 4. g3 Bg7 5. Bg2 Nf6 6. O-O d5 7. Nbd2 O-O 8. h3
Qc7 9. c3 Rd8 10. Qc2 b6 11. Nh4 Bb7 12. f4 d4 13. c4 Nb4 14. Qb3 Nh5 15. Kh2
g5 16. Nhf3 gxf4 17. g4 Ng3 18. Rf2 Kh8 19. a3 Nc6 20. Nf1 Ne5 21. Kg1 Ng6 22.
Ng5 Rf8 23. Nxg3 Bf6 24. Nxf7+ Rxf7 25. Nh5 Be5 26. Bd2 Raf8 27. Raf1 Nh4 28.
Bf3 Rg8 29. Kh1 Bd6 30. Qc2 e5 31. b4 Be7 32. b5 Bc8 33. Qd1 Ng6 34. Qe2 Bh4
35. Rg2 Nf8 36. Be1 Qe7 37. Kh2 Bg5 38. Rgg1 Ng6 39. Rg2 Bd7 40. a4 Be8 41.
Rfg1 Rff8 42. Kh1 Nh4 43. Bxh4 Bxh4 44. Kh2 Bxh5 45. gxh5 Bg3+ 46. Kh1 Qh4 47.
Rxg3 Rxg3 48. Rxg3 Qxg3 49. Qg2 Rg8 50. h6 Qe1+ 0-1

[Event "DLM 2011"]
[Site "Xanten GER"]
[Date "2011.11.02"]
[Round "5"]
[White "Rieper, Julian"]
[Black "Bork, Sophie"]
[Result "0-1"]
[Termination "normal"]
[Board "5.7"]
[WhiteElo "1507"]
[BlackElo "1488"]
[WhiteTeam "Schleswig-Holstein/NDS"]
[BlackTeam "Nordrhein-Westfalen 2"]
[PlyCount "114"]
[WhiteFideId "12936960"]
[BlackFideId "12905429"]
[EventCountry "GER"]
[EventRounds "7"]
[EventType "team-swiss"]
[EventDate "2011.10.30"]

1. e4 e5 2. Nf3 Nf6 3. Nxe5 d6 4. Nf3 Nxe4 5. d3 Nf6 6. Nc3 c6 7. Bf4 Be7 8.
Be2 Be6 9. Qd2 Nbd7 10. O-O O-O 11. Rfe1 Rc8 12. d4 d5 13. Bd3 Bg4 14. h3 Bxf3
15. gxf3 Nh5 16. Be3 f5 17. Ne2 Bh4 18. Nf4 Nxf4 19. Bxf4 Qf6 20. c3 Qg6+ 21.
Kh2 Qh5 22. Re3 Bg5 23. Bxg5 Qxg5 24. Rg1 Qf6 25. Qe2 Rf7 26. Re6 Qd8 27. Qc2
Qc7+ 28. Rg3 Rcf8 29. Qd2 Nb6 30. Qg5 g6 31. h4 Rg7 32. b3 Qd7 33. Re3 f4 34.
Rg4 fxe3 35. Qxe3 Qe7 36. Kg3 Qxe3 37. fxe3 Rf6 38. Kf2 h5 39. Rg3 Kh7 40. Rg5
Rgf7 41. f4 Kg7 42. Re5 Nd7 43. Rg5 Nf8 44. Ke2 Kh8 45. a4 Re7 46. Kf2 Rfe6 47.
Rg3 Rg7 48. Rg5 Nh7 49. Rg3 Nf6 50. Bc2 Ne4+ 51. Bxe4 Rxe4 52. b4 Kh7 53. Rg5
Rge7 54. Rg3 Kg7 55. Ke2 Kf6 56. Kf2 R7e6 57. Ke2 Rxf4 0-1

[Event "DLM 2011"]
[Site "Xanten GER"]
[Date "2011.11.02"]
[Round "5"]
[White "Gatzke, Carolin"]
[Black "Ruiz, Lisa"]
[Result "1/2-1/2"]
[Termination "normal"]
[Board "5.8"]
[WhiteElo "1409"]
[BlackElo "1083"]
[WhiteTeam "Nordrhein-Westfalen 2"]
[BlackTeam "Schleswig-Holstein/NDS"]
[PlyCount "103"]
[WhiteFideId "12943746"]
[EventCountry "GER"]
[EventRounds "7"]
[EventType "team-swiss"]
[EventDate "2011.10.30"]

1. e4 e6 2. d4 d5 3. e5 c5 4. c3 Qb6 5. g3 Nc6 6. Ne2 Nge7 7. Bh3 Ng6 8. O-O
Be7 9. dxc5 Bxc5 10. Nd2 Ncxe5 11. Nb3 Bd6 12. Be3 Qc7 13. Ned4 a6 14. Nd2 O-O
15. Qc2 Bd7 16. f4 Nc6 17. Nxc6 Bxc6 18. Nb3 Rfe8 19. Rae1 Re7 20. Nd4 Bc5 21.
Nxc6 Bxe3+ 22. Rxe3 bxc6 23. Rfe1 Rae8 24. f5 exf5 25. Rxe7 Rxe7 26. Rxe7 Nxe7
27. Bxf5 Qb6+ 28. Kh1 Nxf5 29. Qxf5 g6 30. Qc2 Qe3 31. Qd1 Qf2 32. Qc1 c5 33.
Qg1 Qxb2 34. Qxc5 Qxa2 35. Qc8+ Kg7 36. Qc7 Qc4 37. Qe5+ f6 38. Qe7+ Kh6 39.
Qxf6 Qe4+ 40. Kg1 Qb1+ 41. Kg2 Qc2+ 42. Kg1 Qd1+ 43. Kg2 Qc2+ 44. Kg1 a5 45.
Qh4+ Kg7 46. Qe7+ Kg8 47. Qe8+ Kg7 48. Qe7+ Kh6 49. Qh4+ Kg7 50. Qe7+ Kg8 51.
Qe8+ Kg7 52. Qe7+ 1/2-1/2